| 000 | 00493nam a2200181Ia 4500 | ||
|---|---|---|---|
| 001 | 64863 | ||
| 008 | 211029n ii |||gr||||Z||||||465 | ||
| 020 | _a9780140423532 | ||
| 082 | _a821.7 | ||
| 100 |
_aColeridge, Samuel Taylor, _eAuthor. |
||
| 245 | 0 |
_aThe complete poems _cSamuel Taylor Coleridge _hTextual Documents |
|
| 260 |
_aLondon: _bPenguin Books, _c1997. |
||
| 300 |
_axxx, 626 p.: _c15 cm. |
||
| 653 | _aEnglish literature | ||
| 653 | _aPoetry | ||
| 653 | _aPoem | ||
| 942 |
_2ddc _cBK |
||
| 999 |
_c65963 _d65963 |
||